Open Data Biblioteca Nacional de Portugal


República Portuguesa: Ministério da Cultura
Biblioteca Nacional de Portugal

Catálogo da BNP: acesso por Identificadores Unívocos
Registos Bibliográficos associados ao registo de autoridade

Etiqueta de registo: 01790cem 2200301 450
001 554930
003 http://id.bnportugal.gov.pt/bib/catbnp/554930
005 20020517152600.0
095 ## $aPTBN00759962
100 ## $a19950726d1513 mk y0pory0103 ba
101 0# $alat
102 ## $aFR$bEstrasburgo
200 1# $aClaudii Ptolemaei viri Alexandrini Mathematicae disciplinae Philosophi doctissimi Geographiae opus novissima traductione e grecorum archetypis castigatissime pressum...$bMaterial cartográfico]
210 #9 $aArgentinen$cJoannis Schotti,$d1513
215 ## $a1 atlas, 5-60 f., [32] f., [41] fól. de mapas$ccolor.$d45 cm
316 ## $5PTBN: C.A. 152 V.$aAtlas truncado, com 3 fólios de mapas em falta, designadamente: Mapa 1Planisfério "Generale Ptholemei "; "Suplementum" - Mapa 1: Planisfério marítimo: "Orbis Typus Universalis iuxta: Hydrographorum Traditionem" e "Suplementum" - Mapa 2: "Tabulae Terra Nova". Exemplar com anotações manuscritas no f. 1: "Este livro he de Domingos Perez licenciado em Mathematica e Theologia e mestre que foy do Snor. Dom duarte e das Inffantas suas irmãaas. / Agora he do coll. de São Paulo porque se nos deu. Ant.º daraujo". Possui marca de posse da Livraria Publica de Braga. Atlas
675 ## $a913.1(084.4)$vBN$zpor$3338751
675 ## $a912"15/17"(084.4)$vBN$zpor$3337944
675 ## $a914/916(084.4)$vBN$zpor$3447558
700 #0 $aPtolomeu,$fca 90-ca 168$375714
712 02 $aLivraria Pública de Braga$4390$31235510
801 #0 $aPT$bBN$gRPC
856 40 $uhttps://purl.pt/24484
856 41 $uhttps://purl.pt/24484/service/media/cover/low
856 49 $uhttps://purl.pt/24484/service/media/pdf$qapplication/pdf
958 ## $aBND$bLivre$cDigitalizado$d1$ehttps://purl.pt/24484/service/media/cover/max
966 ## $lBN$mCARTOG$sC.A. 152 V.
998 ## $aCR741-272

Etiqueta de registo: 00254nam 2200025 450
001 2240505
003 http://id.bnportugal.gov.pt/bib/catbnp/2240505
100 ## $a20260102d1567 k y0pory01030103ba
101 0# $alat
102 ## $aIT
105 ## $ay z 000yy
106 ## $ar
200 1# $aLocorum theologicorum libri duodecim. In quibus, non modò vera refellendi vniuersos Christianae religionis hostes, confirmandique sacra dogmata ratio, ac vsus exactè ostenditur, verùm etiam omnia ferè quae hodie in controuersiam habentur, luculentissimè examinantur$fAuctore ... Melchiore Cano, episcopo Canariensi, ... Cum duplici indice, quorum vnus sententias, alter vero auctoritates Sacrae Scripturae, in opere passim expositas complectitur. Nunc recèns quàm diligentissimè recogniti ac typis excusi
210 #9 $aVenetiis$capud Bartholomaeum Rubinum,$d1567
215 ## $a[8] , 823 [i.e. 903], [49] p.$d8º (16 cm)
304 ## $aCapitais xilogr.
307 ## $aAssin.: A-Z//8, AA-ZZ//8, AAA-LLL//8, ✝-✝✝✝//8
307 ## $aApostilhas marginais
307 ## $aReclamos
307 ## $aMarca de impressor no final do livro
307 ## $aÍndice a 2 colns.
316 ## $aEnc. em pergaminho$5PTBN: R. 1758 P.
317 ## $aPert. manuscrito na f. de rosto: "Da livraria publica de Braga"$5PTBN: R. 1758 P.
321 1# $aICCU IT\ICCU\BVEE\020392
620 ## $dVeneza
700 #1 $aCano,$bMelchor,$f1509?-1560,$cO.P.$325890
702 #1 $aRubini,$bBartolomeo,$f1569-1574$4610$3532169
712 02 $aLivraria Pública de Braga$4390$31235510
801 #0 $aPT$bBN$gRPC
856 40 $2Cópia digital disponível em Google Books$uhttps://books.google.pt/books?id=4BoLFtWgHxcC&hl=pt-PT&pg=PP5#v=onepage&q&f=false
966 ## $lBN$mFGMON$sR. 1589 P.
966 ## $lBN$mFGMON$sR. 1758 P.
971 ## $ccasilva$d20260102
997 ## $aBIBEOD

Etiqueta de registo: 00454nam 22001571i 450
001 1264410
003 http://id.bnportugal.gov.pt/bib/catbnp/1264410
100 ## $a20020801d1548 m y0pory010305 ba
101 0# $alat
102 ## $aIT
105 ## $ay z 001yy
106 ## $ar
200 1# $aD. Thomae Aquinatis in metaphysicae Aristotelis libros, commentaria praeclarissima um duplici textu, antiqua videlicet translatione, & Argyropolea, nuperrime summa cura & diligentia, prioribus mendis expurgatis, consultis videlicet exemplaribus graecis per quendam in vtraq[ue] lingua peritissimu[m], aedita & nunc post omnes alias aeditiones, in omniu[m] usibus tradita
210 #9 $aVenetijs$capud Iuntas,$d1548$eVenetijs : $gin officina haeredum Lucae Antonij Iuntae Florentini,$h1548)
215 ## $a[10], 209 f.$d2º (31 cm)
305 ## $aPé de imprensa retirado do colofão
306 ## $aMarca de impressor na p. de tít.
307 ## $aTexto a duas colns.
316 ## $aEncadernação da época em pele, sobre pastas de cartão com ferros gravados a ouro na lombada$5PTBN: S.A. 1026 V.
317 ## $aPert. manuscrito na p. de tít.: «Da livraria publica de Braga»$5PTBN: S.A. 1026 V.
620 ## $dVeneza
700 #0 $aTomás de Aquino,$cSanto,$f1225-1274,$cO.P.$320917
702 #0 $aAristóteles,$f384-322 a.C.$4100$37065
712 02 $aGiunta,$bLucantonio,$cHerdeiros,$ffl. 1538-1566$4610$399574
712 02 $aLivraria Pública de Braga$4390$31235510
801 #0 $aPT$bBN
801 #1 $aFR$bJOUVE
966 ## $lBN$mFGMON$sR. 180 V. $x0
966 ## $lBN$mFGMON$sS.A. 1026 V.
997 ## $aBIBEOD

OpendataBNP@bnportugal.pt | Mais informação sobre acesso aos dados BNP